000 00342nam a22001337a 4500
008 170802b xxu||||| |||| 00| 0 eng d
020 _a0879093021
041 _aeng
080 _a004
100 _a32
101 _aSHKI
245 _aFUNDAMENTALS OF STRUCTURED PROGRAMMING USING FORTRAN WITH SF/K AND WATFIV-S
_cHOLT, R.C
942 _2udc
_cBK
999 _c22569
_d22569